[Event "SR 3. liga A2 2011/2012"]
[Site "?"]
[Date "2012.01.08"]
[Round "6.3"]
[White "Kovacocy, Pavel"]
[Black "Veselsky, Jozef"]
[Result "0-1"]
[WhiteElo "2231"]
[BlackElo "2133"]
[PlyCount "112"]
[EventDate "2011.??.??"]

1. e4 c5 2. Nc3 g6 3. g3 Bg7 4. Bg2 Nc6 5. d3 d6 6. Nge2 Nf6 7. O-O O-O 8. h3
Rb8 9. f4 a6 10. g4 Nd4 11. Ng3 b5 12. Nce2 Nd7 13. c3 Nxe2+ 14. Qxe2 b4 15. c4
Bb7 16. Be3 Qc7 17. Rad1 a5 18. Qf2 a4 19. h4 Rbe8 20. Bf3 Nb8 21. Rd2 Nc6 22.
f5 Nd4 23. Bd1 Be5 24. Ne2 Nxe2+ 25. Rxe2 Qc6 26. Bh6 Bd4 27. Be3 Bg7 28. Qh2
Be5 29. Qh3 Bc8 30. Rg2 Kh8 31. Kh1 Rg8 32. Qf3 gxf5 33. gxf5 Rxg2 34. Qxg2 Rg8
35. Qe2 Rg3 36. Rf3 Rg4 37. Rh3 Bxf5 38. Qf2 Rxe4 39. Qxf5 Rxe3+ 40. Bf3 Qe8
41. Be4 Re1+ 42. Kg2 Qg8+ 43. Qg5 Bxb2 44. Kf2 Qxg5 45. hxg5 Rxe4 46. dxe4 b3
47. a3 Bc1 48. e5 dxe5 49. Rd3 Bxa3 50. Ke2 Bb2 51. Rd5 Bd4 52. Rd8+ Kg7 53.
Rb8 b2 54. Kd1 a3 55. Kc2 a2 56. Rxb2 a1=Q 0-1

[Event "SR 3. liga A2 2011/2012"]
[Site "?"]
[Date "2012.01.08"]
[Round "6.3"]
[White "Kalmar, Tamas"]
[Black "Liptak, Tomas"]
[Result "0-1"]
[WhiteElo "1842"]
[BlackElo "2103"]
[PlyCount "106"]
[EventDate "2011.??.??"]

1. d4 d6 2. c4 g6 3. Nc3 Bg7 4. e4 Nd7 5. Nf3 e5 6. Be3 Ne7 7. Qd2 O-O 8. Bh6
c6 9. h4 Kh8 10. h5 Ng8 11. Bxg7+ Kxg7 12. hxg6 fxg6 13. Ng5 Ndf6 14. O-O-O Qe7
15. Be2 a6 16. Nh3 Be6 17. dxe5 dxe5 18. f4 Ng4 19. Bxg4 Bxg4 20. Rdf1 Qc5 21.
b3 Rad8 22. Qf2 Qxf2 23. Nxf2 Rxf4 24. Kc2 Bc8 25. Nd3 Rxf1 26. Rxf1 Re8 27.
Kd2 Nf6 28. Ke3 Ng4+ 29. Ke2 Rf8 30. Rxf8 Kxf8 31. b4 Ke7 32. c5 Be6 33. Kf3 h5
34. a3 Kf6 35. Nf2 Nh6 36. b5 g5 37. g3 Nf7 38. Nd3 cxb5 39. Nd5+ Kg7 40. N3b4
Nd8 41. Nd3 Nc6 42. N5b4 Nxb4 43. axb4 Kf6 44. Ne1 Bb3 45. Ng2 Ke7 46. Ke3 Bc4
47. Ne1 Kf6 48. Nf3 Be6 49. Kf2 Bc4 50. Nh2 Ke6 51. Nf1 Kd7 52. Ne3 a5 53. bxa5
Kc6 0-1

[Event "SR 3. liga A2 2011/2012"]
[Site "?"]
[Date "2012.01.08"]
[Round "6.3"]
[White "Liptak, Dusan"]
[Black "Szekely, Stefan"]
[Result "1-0"]
[WhiteElo "2075"]
[BlackElo "1931"]
[PlyCount "69"]
[EventDate "2011.??.??"]

1. Nf3 d6 2. d4 Nf6 3. c4 g6 4. Nc3 Bg7 5. g3 Nbd7 6. Bg2 c5 7. O-O O-O 8. h3
Rb8 9. e4 cxd4 10. Nxd4 a6 11. Be3 Ne5 12. b3 Bd7 13. f4 Nc6 14. Nde2 Qc7 15.
Rc1 Rbd8 16. Qd2 Qc8 17. Kh2 Qb8 18. Bb6 e5 19. Bxd8 Rxd8 20. f5 Nd4 21. g4 Bc6
22. Ng3 Qc7 23. g5 Nd7 24. h4 gxf5 25. exf5 Bxg2 26. Qxg2 Nc5 27. Rcd1 b6 28.
Nd5 Qb7 29. Nh5 a5 30. Qg4 a4 31. Nhf6+ Kf8 32. Nxh7+ Kg8 33. Ndf6+ Kh8 34. Qh5
axb3 35. Nf8+ 1-0

[Event "SR 3. liga A2 2011/2012"]
[Site "?"]
[Date "2012.01.08"]
[Round "6.3"]
[White "Vegh, Vince"]
[Black "Cechovic, Stefan"]
[Result "1/2-1/2"]
[WhiteElo "1923"]
[BlackElo "2159"]
[PlyCount "32"]
[EventDate "2011.??.??"]

1. e4 e5 2. Nf3 Nf6 3. Nc3 Bb4 4. Bc4 d6 5. d3 h6 6. h3 Nc6 7. Be3 Qe7 8. O-O
Bxc3 9. bxc3 O-O 10. Re1 Na5 11. Bb3 Nxb3 12. cxb3 Re8 13. Bc1 b6 14. Bb2 Bb7
15. Nh2 Rad8 16. Nf1 Qd7 1/2-1/2

[Event "SR 3. liga A2 2011/2012"]
[Site "?"]
[Date "2012.01.08"]
[Round "6.3"]
[White "Sarmir, Milos"]
[Black "Kalman, Miklos"]
[Result "1-0"]
[WhiteElo "2048"]
[BlackElo "1825"]
[PlyCount "59"]
[EventDate "2011.??.??"]

1. e4 d5 2. exd5 Qxd5 3. Nc3 Qd8 4. d4 e6 5. Nf3 Nf6 6. Bd3 a6 7. O-O Bd6 8.
Bg5 h6 9. Bd2 c6 10. Ne4 Nxe4 11. Bxe4 Nd7 12. c4 Nf6 13. Bd3 Qc7 14. Re1 Bd7
15. Rc1 O-O 16. Ne5 Rad8 17. c5 Bxe5 18. dxe5 Nh7 19. Qa4 Qc8 20. Ba5 Rde8 21.
Rcd1 f5 22. Qd4 Rf7 23. Be2 Ree7 24. Bh5 Rf8 25. Qd6 Rff7 26. Re3 Nf8 27. Bxf7+
Kxf7 28. Red3 Ke8 29. Qc7 Qa8 30. Rb3 1-0

[Event "SR 3. liga A2 2011/2012"]
[Site "?"]
[Date "2012.01.08"]
[Round "6.3"]
[White "Both, Lajos"]
[Black "Vagovsky, Jozef"]
[Result "1/2-1/2"]
[WhiteElo "1822"]
[BlackElo "1991"]
[PlyCount "36"]
[EventDate "2011.??.??"]

1. e4 e6 2. d4 d5 3. Nd2 c5 4. exd5 exd5 5. dxc5 Bxc5 6. Nb3 Bd6 7. g3 Ne7 8.
Bg2 Nbc6 9. Ne2 O-O 10. O-O Bg4 11. c3 Qd7 12. f3 Bh3 13. Bxh3 Qxh3 14. Nf4
Bxf4 15. Bxf4 Qf5 16. Nd4 Nxd4 17. Qxd4 Nc6 18. Qd2 Rad8 1/2-1/2

[Event "SR 3. liga A2 2011/2012"]
[Site "?"]
[Date "2012.01.08"]
[Round "6.3"]
[White "Vlkovic, Pavol"]
[Black "Lelkes, Bela"]
[Result "1/2-1/2"]
[WhiteElo "1838"]
[BlackElo "1809"]
[PlyCount "94"]
[EventDate "2011.??.??"]

1. e4 e5 2. Nf3 d6 3. Bc4 Qf6 4. h3 h6 5. Nc3 c6 6. a4 Be6 7. Qe2 Ne7 8. O-O
Ng6 9. d3 Bxc4 10. dxc4 Be7 11. g3 Na6 12. Kg2 O-O 13. Nh2 Qe6 14. Ng4 Kh7 15.
Ne3 Bg5 16. b3 Ne7 17. h4 Bxe3 18. Bxe3 f5 19. f4 fxe4 20. Nxe4 d5 21. Nc5 Nxc5
22. Bxc5 e4 23. Rad1 Rfd8 24. Rfe1 b6 25. Bxe7 Qxe7 26. Rd4 Rd7 27. Red1 Rad8
28. Qg4 Qf7 29. Kf2 c5 30. Rxd5 Rxd5 31. Rxd5 Rxd5 32. cxd5 Qxd5 33. Qe2 Qd4+
34. Qe3 Kg6 35. g4 Kf6 36. h5 Ke6 37. Ke2 Qd5 38. Qd2 Qd4 39. Qe3 a6 40. c3 Qd5
41. Kf2 b5 42. axb5 axb5 43. b4 c4 44. Qb6+ Kf7 45. Qg6+ Kg8 46. Qe8+ Kh7 47.
Qg6+ Kg8 1/2-1/2

[Event "SR 3. liga A2 2011/2012"]
[Site "?"]
[Date "2012.01.08"]
[Round "6.3"]
[White "Mezei, Tibor"]
[Black "Hornak, Pavol"]
[Result "1-0"]
[WhiteElo "1628"]
[BlackElo "1778"]
[PlyCount "63"]
[EventDate "2011.??.??"]

1. d4 Nf6 2. Nf3 d5 3. c4 e6 4. Nc3 Be7 5. g3 O-O 6. Bg2 c6 7. Qb3 Nbd7 8. O-O
Nb6 9. c5 Nbd7 10. Bf4 Nh5 11. Be3 b6 12. Na4 bxc5 13. Nxc5 Nxc5 14. dxc5 Qc7
15. Bd4 Bf6 16. e3 e5 17. Bc3 Be6 18. Qc2 g6 19. b4 Rfe8 20. Qb2 Bd7 21. h3 Bg7
22. g4 e4 23. Nd4 Nf6 24. Ne2 Qd8 25. f3 Re6 26. fxe4 dxe4 27. Nf4 Re8 28. Rad1
Qe7 29. Rd6 g5 30. Ne2 Nh5 31. gxh5 Bxc3 32. Nxc3 1-0

[Event "SR 3. liga A2 2011/2012"]
[Site "?"]
[Date "2012.01.08"]
[Round "6.4"]
[White "Berczes, Csaba"]
[Black "Merva, Frantisek"]
[Result "1-0"]
[WhiteElo "2397"]
[BlackElo "2047"]
[PlyCount "47"]
[EventDate "2011.??.??"]

1. Nf3 Nf6 2. g3 g6 3. b3 b6 4. Bg2 Bb7 5. Bb2 Bg7 6. c4 c5 7. d4 cxd4 8. Qxd4
d6 9. O-O Nbd7 10. Nc3 O-O 11. Nd5 Bxd5 12. cxd5 Nh5 13. Qd2 Bxb2 14. Qxb2 Rc8
15. Nd4 Ndf6 16. Rfc1 Qd7 17. Rc6 e6 18. dxe6 fxe6 19. Rxc8 Rxc8 20. Bh3 Re8
21. Rc1 Ng7 22. Nxe6 Nf5 23. Qxf6 Rxe6 24. Bxf5 1-0

[Event "SR 3. liga A2 2011/2012"]
[Site "?"]
[Date "2012.01.08"]
[Round "6.4"]
[White "Ivan, Imrich"]
[Black "Janko, Michal"]
[Result "0-1"]
[WhiteElo "2057"]
[BlackElo "2271"]
[PlyCount "30"]
[EventDate "2011.??.??"]

1. Nf3 f5 2. b3 d6 3. d4 Nf6 4. c4 g6 5. Bb2 Bg7 6. e3 O-O 7. Be2 e5 8. dxe5
Nfd7 9. O-O dxe5 10. Qd5+ Kh8 11. Nxe5 c6 12. Nxg6+ hxg6 13. Bxg7+ Kxg7 14. Qf3
Qf6 15. Na3 Qb2 0-1

[Event "SR 3. liga A2 2011/2012"]
[Site "?"]
[Date "2012.01.08"]
[Round "6.4"]
[White "Janko, Ladislav"]
[Black "Takacs, Laszlo"]
[Result "1-0"]
[WhiteElo "2229"]
[BlackElo "1976"]
[PlyCount "59"]
[EventDate "2011.??.??"]

1. e4 c5 2. Nf3 e6 3. c3 d5 4. exd5 exd5 5. d4 Nf6 6. Bb5+ Bd7 7. Bxd7+ Nbxd7
8. O-O Be7 9. Qb3 b6 10. Ne5 Bd6 11. Bg5 c4 12. Qd1 Qc7 13. Nxd7 Nxd7 14. Re1+
Kf8 15. Qf3 Qc6 16. Nd2 h6 17. Bh4 g5 18. Bg3 Bxg3 19. fxg3 Kg7 20. Re7 Nf6 21.
Rf1 Qd6 22. Re5 Rhe8 23. Qf5 Re6 24. Nf3 Rae8 25. g4 Qd7 26. Nxg5 hxg5 27.
Qxg5+ Kf8 28. Qh6+ Ke7 29. Qxf6+ Kd6 30. Qxf7 1-0

[Event "SR 3. liga A2 2011/2012"]
[Site "?"]
[Date "2012.01.08"]
[Round "6.4"]
[White "Csefalvay, Stefan"]
[Black "Kantor, Reka"]
[Result "1/2-1/2"]
[WhiteElo "1916"]
[BlackElo "1962"]
[PlyCount "34"]
[EventDate "2011.??.??"]

1. d4 Nf6 2. Nf3 e6 3. e3 d5 4. Bd3 c5 5. c3 Nc6 6. Nbd2 Be7 7. dxc5 Bxc5 8. b4
Bd6 9. Bb2 Bd7 10. e4 O-O 11. O-O Rc8 12. Re1 dxe4 13. Nxe4 Nxe4 14. Bxe4 Be7
15. a3 Bf6 16. Qc2 g6 17. c4 b6 1/2-1/2

[Event "SR 3. liga A2 2011/2012"]
[Site "?"]
[Date "2012.01.08"]
[Round "6.4"]
[White "Dvorsky, Jozef"]
[Black "Feher, Tibor"]
[Result "1/2-1/2"]
[WhiteElo "2031"]
[BlackElo "1802"]
[PlyCount "41"]
[EventDate "2011.??.??"]

1. e4 e5 2. Nf3 Nf6 3. Bc4 Nc6 4. Qe2 Bc5 5. c3 O-O 6. O-O Re8 7. Ng5 d5 8.
exd5 Na5 9. Bb5 Bg4 10. Qd3 c6 11. dxc6 Nxc6 12. Qc4 Qe7 13. d3 Rec8 14. Ne4
Nxe4 15. Qxe4 f5 16. Qe1 a6 17. Bc4+ Kh8 18. Kh1 b5 19. Bd5 Qd6 20. Bxc6 Rxc6
21. Nd2 1/2-1/2

[Event "SR 3. liga A2 2011/2012"]
[Site "?"]
[Date "2012.01.08"]
[Round "6.4"]
[White "Kahancova, Jana"]
[Black "Puobis, Jozef"]
[Result "0-1"]
[WhiteElo "1670"]
[BlackElo "1953"]
[PlyCount "66"]
[EventDate "2011.??.??"]

1. e4 d5 2. exd5 Nf6 3. Nc3 Nxd5 4. Nxd5 Qxd5 5. d4 Nc6 6. c3 e5 7. dxe5 Qxd1+
8. Kxd1 Nxe5 9. h3 Bf5 10. Be3 O-O-O+ 11. Ke1 Bd3 12. b3 Ba3 13. Bxd3 Rxd3 14.
Bc1 Re8 15. Ne2 Bc5 16. Bd2 Rd7 17. Be3 Bxe3 18. fxe3 Nd3+ 19. Kf1 Rxe3 20. g4
Rd6 21. Rh2 Rf6+ 22. Kg1 Nf4 23. Nxf4 Rxf4 24. c4 Rg3+ 25. Kh1 f6 26. Rd1 Rff3
27. h4 Rxg4 28. Rg1 h5 29. Rxg4 hxg4 30. Kg2 Re3 31. h5 Re2+ 32. Kg3 Rxh2 33.
Kxh2 Kd7 0-1

[Event "SR 3. liga A2 2011/2012"]
[Site "?"]
[Date "2012.01.08"]
[Round "6.4"]
[White "Kosar, Attila"]
[Black "Kahanec, Jan"]
[Result "1/2-1/2"]
[WhiteElo "1893"]
[BlackElo "1513"]
[PlyCount "73"]
[EventDate "2011.??.??"]

1. e4 e5 2. Nf3 Nc6 3. d4 exd4 4. Nxd4 Nxd4 5. Qxd4 d6 6. Nc3 a6 7. g3 Nf6 8.
Bg2 Be7 9. Nd5 Nxd5 10. exd5 Bf6 11. Qe4+ Qe7 12. Qxe7+ Bxe7 13. O-O O-O 14.
Re1 Bf6 15. c3 Bd7 16. Bf4 h6 17. h4 Rfe8 18. Kh2 Rxe1 19. Rxe1 Re8 20. Rxe8+
Bxe8 21. Bh3 b6 22. Kg1 a5 23. Be3 Be7 24. Bd4 Bb5 25. Bf1 Bd7 26. a3 f6 27.
Bd3 g5 28. hxg5 hxg5 29. Kg2 c5 30. dxc6 Bxc6+ 31. Kf1 b5 32. Ke2 d5 33. Ke3
Kf7 34. Bf5 Bd6 35. Kf3 Be5 36. Kg4 Bd6 37. Bc8 1/2-1/2

[Event "SR 3. liga A2 2011/2012"]
[Site "?"]
[Date "2012.01.08"]
[Round "6.4"]
[White "Pszota, Mate"]
[Black "Kosar, Mikulas st"]
[Result "1/2-1/2"]
[WhiteElo "1422"]
[BlackElo "1766"]
[PlyCount "129"]
[EventDate "2011.??.??"]

1. e4 e5 2. Nf3 Nf6 3. Nxe5 Qe7 4. d4 d6 5. Nf3 Qxe4+ 6. Qe2 Qxe2+ 7. Bxe2 Bf5
8. c4 Be7 9. O-O O-O 10. Nc3 c6 11. Bf4 Nh5 12. Bg5 Re8 13. Rfe1 Nd7 14. Rad1
Bxg5 15. Nxg5 Nhf6 16. d5 cxd5 17. cxd5 a6 18. Bf3 Nc5 19. Re3 Rxe3 20. fxe3
Re8 21. Re1 Nd3 22. Re2 h6 23. Nh3 Bg4 24. Bxg4 Nxg4 25. Nf4 Rxe3 26. Rxe3 Nxe3
27. Nxd3 Kf8 28. Kf2 Ng4+ 29. Kg3 Nf6 30. Nd1 Nxd5 31. Nf4 Nb4 32. a3 Nc6 33.
Ne3 g5 34. Nfd5 Ke8 35. Nf5 Kd7 36. Nb6+ Ke6 37. Nxh6 f5 38. Kf3 d5 39. g4 Ne5+
40. Kg3 f4+ 41. Kg2 d4 42. Nf5 d3 43. Nd4+ Kd6 44. Nf3 Nxg4 45. Nc4+ Kd5 46.
Ncd2 Ne3+ 47. Kg1 g4 48. Ne1 Kd4 49. h4 gxh3 50. Nef3+ Kd5 51. Kh2 Nd1 52. Kxh3
Nxb2 53. Kg4 Nc4 54. Nxc4 Kxc4 55. Kxf4 Kc3 56. Ke3 Kb3 57. Kxd3 Kxa3 58. Nd4
b5 59. Nc2+ Kb2 60. Nd4 b4 61. Kc4 Ka3 62. Nc2+ Kb2 63. Kxb4 Kxc2 64. Ka5 Kb3
65. Kxa6 1/2-1/2

[Event "SR 3. liga A2 2011/2012"]
[Site "?"]
[Date "2012.01.08"]
[Round "6.5"]
[White "Pribila, Gerhard"]
[Black "Sebesta, Radovan"]
[Result "1/2-1/2"]
[WhiteElo "2036"]
[BlackElo "2069"]
[PlyCount "27"]
[EventDate "2011.??.??"]

1. e4 c5 2. c3 d6 3. d4 Nf6 4. dxc5 Nc6 5. f3 dxc5 6. Qxd8+ Nxd8 7. Bb5+ Bd7 8.
Bxd7+ Nxd7 9. Bf4 g6 10. Na3 Ne6 11. Bg3 Bg7 12. Nc4 O-O 13. Ne2 Nf6 14. Nf4
1/2-1/2

[Event "SR 3. liga A2 2011/2012"]
[Site "?"]
[Date "2012.01.08"]
[Round "6.5"]
[White "Palka, Miroslav"]
[Black "Kocak, Branislav"]
[Result "1/2-1/2"]
[WhiteElo "1953"]
[BlackElo "1914"]
[PlyCount "87"]
[EventDate "2011.??.??"]

1. c4 Nf6 2. Nc3 e6 3. e4 d6 4. d4 Be7 5. g3 c5 6. Nge2 e5 7. dxe5 dxe5 8.
Qxd8+ Bxd8 9. Bg2 Nc6 10. f4 O-O 11. O-O Bg4 12. h3 Bxe2 13. Nxe2 Re8 14. Nc3
Nd4 15. fxe5 Rxe5 16. Bf4 Re8 17. Bd6 Be7 18. Bf4 Nh5 19. Rae1 Nxf4 20. gxf4
Bh4 21. Re3 Rab8 22. Nd5 h6 23. Ra3 Nc6 24. e5 Red8 25. Be4 g6 26. Rd3 Nb4 27.
Nxb4 cxb4 28. Rfd1 b6 29. Bd5 Kg7 30. Kg2 a5 31. b3 Rbc8 32. Kf3 Be7 33. Rg1 f6
34. f5 g5 35. e6 h5 36. Rgd1 Rd6 37. Bb7 Rcd8 38. Rd5 Kf8 39. Ba6 Rxd5 40. cxd5
Bc5 41. Ke4 Ke7 42. Be2 Rh8 43. Kd3 Kd6 44. Kc4 1/2-1/2

[Event "SR 3. liga A2 2011/2012"]
[Site "?"]
[Date "2012.01.08"]
[Round "6.5"]
[White "Kastler, Peter"]
[Black "Lanik, Miroslav"]
[Result "1/2-1/2"]
[WhiteElo "1720"]
[BlackElo "1936"]
[PlyCount "40"]
[EventDate "2011.??.??"]

1. d4 d5 2. c4 c6 3. Nc3 Nf6 4. Nf3 e6 5. Bg5 h6 6. Bh4 dxc4 7. a4 Bb4 8. e3
Qa5 9. Rc1 Nd5 10. Qc2 b5 11. axb5 cxb5 12. Nd2 Bb7 13. Be2 Nd7 14. O-O Qb6 15.
Nxd5 Bxd5 16. b3 Bxd2 17. Qxd2 g5 18. Bg3 Qb7 19. f3 Rc8 20. Qb4 Qb6 1/2-1/2

[Event "SR 3. liga A2 2011/2012"]
[Site "?"]
[Date "2012.01.08"]
[Round "6.5"]
[White "Palka, Martin"]
[Black "Valla, Tomas"]
[Result "1/2-1/2"]
[WhiteElo "1876"]
[BlackElo "1846"]
[PlyCount "47"]
[EventDate "2011.??.??"]

1. e4 c5 2. Nf3 g6 3. d4 cxd4 4. Nxd4 Nc6 5. Be3 Bg7 6. Nc3 Nf6 7. Bc4 O-O 8.
h3 d6 9. Bb3 Bd7 10. O-O Na5 11. Re1 Nxb3 12. axb3 a6 13. Qd2 Re8 14. Bg5 Bc6
15. Nxc6 bxc6 16. e5 dxe5 17. Qxd8 Rexd8 18. Rxe5 h6 19. Bxf6 Bxf6 20. Rc5 Rd2
21. Ne4 Bxb2 22. Nxd2 Bxa1 23. Rxc6 Rd8 24. Nc4 1/2-1/2

[Event "SR 3. liga A2 2011/2012"]
[Site "?"]
[Date "2012.01.08"]
[Round "6.5"]
[White "Brunovsky, Peter"]
[Black "Gasa, Patrik"]
[Result "0-1"]
[WhiteElo "1809"]
[BlackElo "1727"]
[PlyCount "71"]
[EventDate "2011.??.??"]

1. d4 Nf6 2. Nf3 d5 3. Bf4 e6 4. e3 Bd6 5. Bg5 Nbd7 6. Bd3 c6 7. c3 Qe7 8. Nbd2
h6 9. Bh4 b6 10. Qc2 Bb7 11. Bg3 Bxg3 12. hxg3 Rc8 13. Rc1 c5 14. Qb1 Qd6 15.
a3 c4 16. Bc2 Ke7 17. Kf1 Rc7 18. Re1 Re8 19. e4 dxe4 20. Nxe4 Nxe4 21. Bxe4
Bxe4 22. Qxe4 Nf6 23. Qh4 Rg8 24. Ne5 Kf8 25. g4 Nd5 26. g5 hxg5 27. Qxg5 Qe7
28. Qg3 b5 29. Rh7 Qf6 30. Re4 Qf5 31. Reh4 Qb1+ 32. Ke2 Qxb2+ 33. Kf1 Qc1+ 34.
Ke2 Nxc3+ 35. Kf3 Qd1+ 36. Kf4 0-1

[Event "SR 3. liga A2 2011/2012"]
[Site "?"]
[Date "2012.01.08"]
[Round "6.5"]
[White "Skapikova, Lubica"]
[Black "Zajicek, Ferdinand"]
[Result "1-0"]
[WhiteElo "1867"]
[BlackElo "1860"]
[PlyCount "57"]
[EventDate "2011.??.??"]

1. e4 c5 2. Nf3 Nc6 3. d4 cxd4 4. Nxd4 d6 5. Nc3 Nf6 6. f3 a6 7. Be3 g6 8. Qd2
Bg7 9. O-O-O O-O 10. g4 Nd7 11. h4 Nxd4 12. Bxd4 Bxd4 13. Qxd4 Qb6 14. Nd5 Qd8
15. Be2 b5 16. g5 Bb7 17. h5 Bxd5 18. hxg6 e5 19. gxh7+ Kg7 20. Qxd5 Qxg5+ 21.
Kb1 Kh8 22. Qxd6 Nf6 23. Qd2 Qxd2 24. Rxd2 Ra7 25. c4 bxc4 26. Bxc4 Nxh7 27.
Rdh2 f6 28. Bxa6 Rxa6 29. Rxh7+ 1-0

[Event "SR 3. liga A2 2011/2012"]
[Site "?"]
[Date "2012.01.08"]
[Round "6.5"]
[White "Papanek, Lubomir"]
[Black "Zisek, Jaroslav"]
[Result "0-1"]
[WhiteElo "1630"]
[BlackElo "1860"]
[PlyCount "105"]
[EventDate "2011.??.??"]

1. d4 Nf6 2. c4 e6 3. Nf3 d5 4. e3 Nbd7 5. Nc3 a6 6. Bd3 dxc4 7. Bxc4 b5 8. Bd3
Bb7 9. a3 c5 10. O-O cxd4 11. exd4 Rc8 12. Re1 Nb6 13. Bg5 Be7 14. Nxb5 axb5
15. Bxb5+ Bc6 16. Bxc6+ Rxc6 17. Ne5 Rd6 18. Qb3 Nbd5 19. Qb5+ Kf8 20. Nc6 Qb6
21. Qxb6 Nxb6 22. Rac1 Nbd5 23. Ne5 h6 24. Rc8+ Rd8 25. Rxd8+ Bxd8 26. Bd2 Ke7
27. Rc1 Ne4 28. Be1 Re8 29. Rc8 Bb6 30. Rb8 Rxb8 31. Nc6+ Kd6 32. Nxb8 Bxd4 33.
b4 Kc7 34. Na6+ Kb6 35. Nb8 Kb7 36. Nd7 Kc7 37. Nf8 Bc3 38. Kf1 Nef6 39. f3 Kd8
40. Bf2 Bb2 41. a4 Ba3 42. a5 Bxb4 43. a6 Kc8 44. Nxe6 fxe6 45. h4 h5 46. Bd4
g6 47. g3 Bd6 48. f4 Nd7 49. Ke2 Nc5 50. Bxc5 Bxc5 51. Kd3 Bf2 52. Ke4 Bxg3 53.
Ke5 0-1

[Event "SR 3. liga A2 2011/2012"]
[Site "?"]
[Date "2012.01.08"]
[Round "6.5"]
[White "Fidericky, Milan"]
[Black "Drska, Michal"]
[Result "1/2-1/2"]
[WhiteElo "1843"]
[BlackElo "1642"]
[PlyCount "57"]
[EventDate "2011.??.??"]

1. d4 d5 2. f4 Nf6 3. Nf3 Nc6 4. e3 e6 5. Bb5 Bd7 6. O-O Bd6 7. Nbd2 O-O 8. c4
Na5 9. Bxd7 Nxd7 10. c5 Be7 11. b4 Nc6 12. b5 Na5 13. Bb2 c6 14. a4 a6 15. b6
f6 16. Qe2 Nxc5 17. dxc5 Bxc5 18. Bd4 Bxb6 19. Bxb6 Qxb6 20. Rab1 Qc7 21. Nd4
Rfe8 22. Qg4 f5 23. Qg5 c5 24. N4f3 Qe7 25. Qg3 Rab8 26. Ne5 b5 27. Ndf3 b4 28.
Ng5 c4 29. Ngf7 1/2-1/2

[Event "SR 3. liga A2 2011/2012"]
[Site "?"]
[Date "2012.01.08"]
[Round "6.6"]
[White "Horak, Ivan"]
[Black "Kapusta, Petr"]
[Result "0-1"]
[WhiteElo "2073"]
[BlackElo "2158"]
[PlyCount "56"]
[EventDate "2011.??.??"]

1. e4 c5 2. Nc3 g6 3. f4 Bg7 4. Nf3 Nc6 5. Bb5 Nd4 6. O-O Nxb5 7. Nxb5 d6 8. c4
Nf6 9. d3 O-O 10. Qe1 a6 11. Nc3 b5 12. e5 dxe5 13. fxe5 Ng4 14. Nd5 Bb7 15.
Qe4 e6 16. Qxg4 exd5 17. Bg5 Qc8 18. Qh4 dxc4 19. Be7 Re8 20. Ng5 h6 21. Nxf7
Qc6 22. Rf2 g5 23. Bxg5 hxg5 24. Qxg5 cxd3 25. Raf1 Rf8 26. Rf3 Qd7 27. Qg6
Bxf3 28. Ng5 Qf5 0-1

[Event "SR 3. liga A2 2011/2012"]
[Site "?"]
[Date "2012.01.08"]
[Round "6.6"]
[White "Hudacek, Josef"]
[Black "Kovarik, Oto"]
[Result "1-0"]
[WhiteElo "2046"]
[BlackElo "2018"]
[PlyCount "85"]
[EventDate "2011.??.??"]

1. e4 c5 2. Ne2 e6 3. Nbc3 Nc6 4. g3 g6 5. Bg2 Bg7 6. O-O Nge7 7. f4 O-O 8. d3
d6 9. h3 a6 10. a4 Rb8 11. g4 b5 12. axb5 axb5 13. f5 f6 14. Ng3 d5 15. Qe1 Nd4
16. Qf2 exf5 17. gxf5 Bb7 18. Be3 dxe4 19. dxe4 Nec6 20. Nd5 g5 21. c3 Nb3 22.
Rad1 c4 23. Nb6 Qe7 24. Nd7 Ne5 25. Nxf8 Bxf8 26. Qc2 Qc7 27. Ne2 Bc5 28. Nd4
Nc6 29. Qf2 Nbxd4 30. cxd4 Bd6 31. Rd2 Re8 32. Rfd1 Nb4 33. e5 fxe5 34. dxe5
Bxe5 35. Rd7 Bh2+ 36. Kh1 Bxg2+ 37. Qxg2 Qc6 38. Qxc6 Nxc6 39. Bxg5 Be5 40. f6
Rf8 41. Rg1 Kh8 42. Bh6 Rxf6 43. Bg7+ 1-0

[Event "SR 3. liga A2 2011/2012"]
[Site "?"]
[Date "2012.01.08"]
[Round "6.6"]
[White "Sefcik, Marek"]
[Black "Vepy, Ivan"]
[Result "1-0"]
[WhiteElo "2016"]
[BlackElo "1948"]
[PlyCount "75"]
[EventDate "2011.??.??"]

1. d4 Nf6 2. Nf3 d5 3. Bf4 e6 4. e3 Be7 5. Nbd2 O-O 6. Bd3 b6 7. Qe2 c5 8. c3
Bb7 9. O-O Nc6 10. Ne5 c4 11. Bc2 b5 12. a3 Rc8 13. Qf3 a5 14. Qh3 g6 15. Bh6
Re8 16. f4 Qd6 17. Bg5 Rc7 18. g4 Bd8 19. Rf3 Ne4 20. Bxe4 Bxg5 21. Bc2 Bd8 22.
g5 Nxe5 23. fxe5 Qf8 24. Rg3 h6 25. gxh6 Kh7 26. Qg4 Qg8 27. Qh5 Kh8 28. Qg4
Kh7 29. Rh3 Bc8 30. Nf3 Qf8 31. Rf1 Qh8 32. Ng5+ Bxg5 33. Qxg5 Rf8 34. Rf6 Qg8
35. Rhf3 Re8 36. h4 Ra7 37. h5 Kh8 38. hxg6 1-0

[Event "SR 3. liga A2 2011/2012"]
[Site "?"]
[Date "2012.01.08"]
[Round "6.6"]
[White "Londin, Martin"]
[Black "Chabada, Tomas"]
[Result "0-1"]
[WhiteElo "1961"]
[BlackElo "1914"]
[PlyCount "66"]
[EventDate "2011.??.??"]

1. e4 e5 2. Nf3 Nc6 3. Bb5 a6 4. Ba4 Nf6 5. O-O Be7 6. c3 b5 7. Bc2 O-O 8. d4
exd4 9. e5 Nd5 10. Qd3 g6 11. a3 d6 12. exd6 Qxd6 13. Nxd4 Nxd4 14. Qxd4 Bf6
15. Qd1 Be5 16. h3 Bb7 17. Nd2 Nf4 18. Ne4 Qc6 19. Bxf4 Bxf4 20. Qd4 f6 21. f3
Rad8 22. Bb3+ Kg7 23. Qa7 f5 24. Nf2 Rd2 25. Rae1 Ra8 26. Re7+ Kh6 27. Qxa8
Bxa8 28. Bg8 Rd7 29. Rfe1 Bd6 30. Re8 Bc5 31. b4 Bxf2+ 32. Kxf2 Qb6+ 33. Kf1
Bd5 0-1

[Event "SR 3. liga A2 2011/2012"]
[Site "?"]
[Date "2012.01.08"]
[Round "6.6"]
[White "Bilovsky, Milan"]
[Black "Kubis, Ivan"]
[Result "1-0"]
[WhiteElo "1891"]
[BlackElo "2002"]
[PlyCount "51"]
[EventDate "2011.??.??"]

1. c4 e5 2. Nc3 Nf6 3. g3 Bb4 4. Bg2 O-O 5. e3 Bxc3 6. bxc3 e4 7. Ne2 Re8 8.
O-O Nc6 9. f3 exf3 10. Rxf3 Ne5 11. Rf4 d6 12. d3 Neg4 13. e4 c6 14. Rb1 Qa5
15. Qc2 Rb8 16. d4 Qh5 17. h3 Nh6 18. Rh4 Qg6 19. Bxh6 gxh6 20. Rf1 Nh5 21. Qd3
Ng7 22. Qf3 b5 23. Nf4 Qg5 24. Nh5 Nxh5 25. Qxf7+ Kh8 26. Qxe8+ 1-0

[Event "SR 3. liga A2 2011/2012"]
[Site "?"]
[Date "2012.01.08"]
[Round "6.6"]
[White "Vogl, Zdenek"]
[Black "Husek, Lubomir"]
[Result "1/2-1/2"]
[WhiteElo "1928"]
[BlackElo "1768"]
[PlyCount "106"]
[EventDate "2011.??.??"]

1. e4 c5 2. Nf3 Nc6 3. d4 cxd4 4. Nxd4 e5 5. Nb5 d6 6. N1c3 a6 7. Na3 Nf6 8.
Bg5 Be7 9. Bxf6 Bxf6 10. Nd5 Bg5 11. Nc4 b5 12. Ncb6 Rb8 13. Nxc8 Rxc8 14. c3
O-O 15. a4 Rb8 16. axb5 axb5 17. Bd3 Ne7 18. Nb4 Kh8 19. Ra6 Rb6 20. Rxb6 Qxb6
21. O-O g6 22. Qg4 h6 23. Qd7 f5 24. exf5 gxf5 25. Qxb5 Qa7 26. Nc6 Nxc6 27.
Qxc6 Qb8 28. Rb1 e4 29. Bc2 Rc8 30. Qd7 Rc5 31. Qe6 Qf8 32. Rd1 Bf4 33. Rd5
Rxd5 34. Qxd5 Be5 35. Qd2 Qf6 36. g3 Qg6 37. Qe2 Kg7 38. Kg2 h5 39. h4 d5 40.
Bd1 Kh6 41. Kf1 f4 42. g4 hxg4 43. Qxg4 f3 44. Qxg6+ Kxg6 45. Bb3 d4 46. cxd4
Bxd4 47. Bd5 Kf5 48. b4 Kf4 49. b5 e3 50. fxe3+ Bxe3 51. h5 Kg4 52. h6 Bxh6 53.
Kf2 Bf4 1/2-1/2

[Event "SR 3. liga A2 2011/2012"]
[Site "?"]
[Date "2012.01.08"]
[Round "6.6"]
[White "Hrubos, Milan"]
[Black "Planka, Peter"]
[Result "1-0"]
[WhiteElo "1790"]
[BlackElo "1831"]
[PlyCount "79"]
[EventDate "2011.??.??"]

1. e4 e5 2. Nf3 Nc6 3. Bb5 a6 4. Ba4 Nf6 5. O-O Be7 6. Re1 b5 7. Bb3 O-O 8. c3
d6 9. h3 Na5 10. Bc2 c5 11. d4 Qc7 12. Be3 Bd7 13. Nbd2 cxd4 14. cxd4 Rfe8 15.
Rc1 Rac8 16. Nf1 Qb8 17. Ng3 Nc4 18. b3 Na3 19. Bd3 a5 20. Qe2 b4 21. Qb2 exd4
22. Nxd4 Be6 23. Ngf5 Qb7 24. Bf4 d5 25. Nxe7+ Qxe7 26. Bg5 h6 27. exd5 Rxc1
28. Qxc1 hxg5 29. dxe6 Qd6 30. exf7+ Kxf7 31. Rxe8 Nxe8 32. Qe3 Nf6 33. Nf3 g4
34. Ne5+ Kf8 35. Nxg4 Nb1 36. Nxf6 gxf6 37. Qh6+ Kf7 38. Bc4+ Ke8 39. Qh8+ Kd7
40. Qh7+ 1-0